Rivals of Aether Characters - Statistics

General Stats
  • This quiz has been taken 26 times
  • The average score is 12 of 18
Answer Stats
Answer % Correct
Orcane
90%
Forsburn
81%
Kragg
81%
Maypul
81%
Shovel Knight
81%
Wrastor
76%
Zetterburn
76%
Clairen
71%
Mollo
71%
Absa
67%
Etalus
67%
Hodan
67%
Ranno
67%
Olympia
62%
Ori and Sein
62%
Sylvanos
62%
Elliana
57%
Pommes
5%
No matching quizzes found
Score Distribution
Percent of People with Each Score
Percentile by Number Answered
Your Score History
You have not taken this quiz